000 00510cam a22001577a 4500
008 180718b2000 xxu||||| |||| 00| 0 eng d
020 _a0195653793
082 _aH211x54 K63(W.Off)
245 _aSupreme but not infallible: essays in honour of the Supreme Court of India
_cedited by B.N. Kirpal et.al.
260 _aNew Delhi
_bOxford Univ. Press
_c2000
300 _a481p.
650 _aConstitutional courts - India
650 _aSupreme courts - India
650 _a(Written off)
700 _aKirpal, B.N.
999 _c394651
_d394651